000 00748nam a22002417a 4500
003 UA-OsUOA
001 45730
007 ta
008 20111115b un ||||| |||| 00| 0 ukr d
100 _aПаньків Я.
090 _a82-94
_bП16
942 _cBK
040 _aUA-OsUOA
_bukr
_cUA-OsUOA
_dUA-OsUOA
245 _aРімінський ансамбль "Бурлака" в моїй пам'яті
300 _a127 с.
955 _a4
041 _aukr
080 _a82-94
260 _aК.
_bВ-во ім. О. Теліги
_c2003
650 7 _a82 Література. Літературознавство
_2UDC
999 _c425832
_d425832